Čas, ktorý si žiada radikálny postup

Súčasná kríza potvrdzuje nevyhnutnosť zmeny myslenia a celého systému. Príčiny a okolnosti vzniku krízy. Tyrania súkromných záujmov. Organizmus jednotlivca a spoločnosti. Prechýlenie systému k úpadku. Zmena (cesta z krízy) musí byť hlboká a celková. Bez radikálnej zmeny sa problémy vrátia.

Saved in:
Bibliographic Details
Main Author: Brychtová, Šárka
Format: Book Chapter
Language:Slovak
Subjects:
Tags: Add Tag
No Tags, Be the first to tag this record!

MARC

LEADER 00000naa$a2200000$$$4500
001 0107586
005 20231016085934.0
041 0 |a slo 
044 |a SK 
245 1 0 |a Čas, ktorý si žiada radikálny postup  |c Šárka Brychtová 
520 |a Súčasná kríza potvrdzuje nevyhnutnosť zmeny myslenia a celého systému. Príčiny a okolnosti vzniku krízy. Tyrania súkromných záujmov. Organizmus jednotlivca a spoločnosti. Prechýlenie systému k úpadku. Zmena (cesta z krízy) musí byť hlboká a celková. Bez radikálnej zmeny sa problémy vrátia. 
610 2 0 |a kríza 
610 2 0 |a kríza hospodárska 
610 2 0 |a kríza finančná 
610 2 0 |a spoločnosť 
610 2 0 |a systém 
100 1 |a Brychtová, Šárka